000 00504nam a2200181Ia 4500
005 20250508163222.0
008 008 250505s9999 xx 000 0 eng d
037 _aTextual
040 _aFEDL
_beng
_cFEDL
041 _aeng
_2eng
084 _a320.954, BHA
_qFEDL
100 _aBhagwan Vishnoo
245 0 _aIndian political thinkers
260 _aDelhi, India
_bAtma Ram and Sons
_c1976
300 _a1to253p.,1to56p.
942 _cTEXL
_h320.954, BHA
999 _c1381583
_d1381583